| Tag |
First Indicator |
Second Indicator |
Subfields |
| LEADER |
00000cam a2200000 4500 |
| 001 |
in00000414921 |
| 005 |
20151012063707.0 |
| 008 |
750527s1953 nyu 00011 eng d |
| 019 |
|
|
|a 291482
|
| 035 |
|
|
|a (OCoLC)01356308
|
| 035 |
|
|
|9 ABW0394AM
|
| 040 |
|
|
|c GSU
|d m.c.
|d OCL
|d WSU
|d TXA
|d UtOrBLW
|
| 049 |
|
|
|a TXAM
|c 1 [A09693001], 2 [A11676837]
|
| 090 |
|
|
|a PS3547.E65
|b D38 1953b
|
| 100 |
1 |
|
|a Yerby, Frank,
|d 1916-1991.
|
| 245 |
1 |
4 |
|a The devil's laughter /
|c Frank Yerby.
|
| 264 |
|
1 |
|a New York :
|b Dial Press,
|c [1953]
|
| 264 |
|
4 |
|c ©1953
|
| 300 |
|
|
|a 318 pages ;
|c 20 cm.
|
| 336 |
|
|
|a text
|b txt
|2 rdacontent
|
| 337 |
|
|
|a unmediated
|b n
|2 rdamedia
|
| 338 |
|
|
|a volume
|b nc
|2 rdacarrier
|
| 999 |
|
|
|a MARS
|
| 999 |
f |
f |
|s 3b0db401-cfc9-3ecc-a745-976a112dd770
|i 2a756a86-42fb-391f-aaca-c96fe8656e6b
|t 0
|
| 952 |
f |
f |
|p ric
|a Texas A&M University
|b Rellis Campus
|c Joint Library Facility
|d Remote Storage
|t 0
|e PS3547.E65 D38 1953b
|h Library of Congress classification
|i unmediated -- volume
|m A14809693001
|
| 998 |
f |
f |
|a PS3547.E65 D38 1953b
|t 0
|l Remote Storage
|